Word Ladder: Circle of Magic Quiz Stats

 Plays Quiz not verified by Sporcle

Challenge
Share
Tweet
Embed
Score 0/108 Timer 10:00
0 Plays Today
Clue Four-Letter Word % Correct
Smile showing teethGRIN
92.1%
Beach grainSAND
91.4%
LifelessDEAD
91.4%
Romantic flower; ____thorn: one of the quartet's foster mothersROSE
90.6%
Lion's hairMANE
89.9%
____ vu: Seen beforeDEJA
89.2%
Pack of cards DECK
89.2%
A number less than 10NINE
89.2%
Belonging to meMINE
89.2%
Frozen rain HAIL
89.2%
To cureHEAL
89.2%
Prefix meaning tenDECA-
88.5%
A long corridorHALL
88.5%
Setting of Dante's Inferno HELL
88.5%
Hand out cardsDEAL
88.5%
Show the wayLEAD
88.5%
AgonyPAIN
87.8%
Pass the tongue overLICK
87.8%
El ____: Severe weather eventNINO
87.8%
Identical: the ____SAME
87.8%
To get or achieveGAIN
87.1%
Compensated for workPAID
87.1%
UtteredSAID
87.1%
Wizard, one with magicMAGE
87.1%
Cost of a bus rideFARE
87.1%
StardomFAME
87.1%
InfernoFIRE
87.1%
Kind, goodNICE
86.3%
Culinary herb; wise personSAGE
86.3%
A type of tree; Frost____: one of the quartet's teachersPINE
86.3%
StealNICK
85.6%
Shoe brandNIKE
85.6%
One of the quartet's teachersNIKO
85.6%
Golfer's cryFORE
85.6%
Part of the skeletonBONE
85.6%
Spherical objectBALL
85.6%
Clue Four-Letter Word % Correct
Scoop out water from a boatBAIL
85.6%
A measure equivalent to 16 fluid ouncesPINT
85.6%
The period of abstinence before EasterLENT
84.9%
To give temporarilyLEND
84.9%
Songbird; One of the quartet's foster mothersLARK
84.2%
A large bundle of hay for exampleBALE
84.2%
To send by mailPOST
84.2%
Sit for a portraitPOSE
84.2%
To cut; Decorative edgingTRIM
83.5%
A type of sturdy footwearBOOT
82.7%
Filled with gloomGRIM
82%
FinishedDONE
82%
MisplacedLOST
82%
Be withoutLACK
81.3%
FortuneLUCK
81.3%
French for bridgePONT
81.3%
Hole dug for waterWELL
81.3%
EatDINE
80.6%
Device to show the direction of the windVANE
80.6%
A long, thin markLINE
80.6%
Ursine mammal; Little ____: the quartet's pet dogBEAR
80.6%
To pull someone's pants downDACK
79.9%
Trellis plantVINE
79.9%
TwilightDUSK
79.9%
DesireLUST
79.9%
A valleyVALE
79.1%
Have toMUST
79.1%
Lie in waitLURK
78.4%
Shreds of fibreLINT
78.4%
A strong-smelling glandular secretionMUSK
77.7%
A pirate's stashLOOT
77.7%
An animal related to a sheepGOAT
77.7%
An acting jobROLE
77%
A hollow metal device that rings when struckBELL
77%
Member of the quartet with smith magicDAJA
76.3%
Non-vegetarian foodMEAT
76.3%
Clue Four-Letter Word % Correct
Blast noise; with [Rung 84], an explosive material BOOM
75.5%
AdhesiveGLUE
75.5%
A castle's defense MOAT
75.5%
Fell heavily to the bottomSANK
74.8%
ShapeFORM
74.8%
Superlative of goodBEST
74.8%
To dress inWEAR
74.1%
ThrashBEAT
74.1%
The act or time of eatingMEAL
73.4%
To arrange according to importance etcRANK
72.7%
Rotary motion of an object about its own axisROLL
72.7%
Dirt; with [Rung 43], an explosive materialDUST
72.7%
LatherFOAM
71.9%
Depressed; The ____ pox epidemicBLUE
71.9%
A raised mark on the skin, as from a whipWEAL
71.2%
The part of the cotton plant that contains seedsBOLL
70.5%
Chest, for a female BUST
70.5%
OvereatGLUT
70.5%
To lock, a door for eg.BOLT
69.1%
Inflammatory disease GOUT
68.3%
A building for grinding grainMILL
68.3%
[Rung 20]'s work equipmentLOOM
66.9%
The trunk of a treeBOLE
66.9%
A rich soilLOAM
66.2%
Hindu prince or kingRAJA
63.3%
To shineGLOW
62.6%
Forcefully exhale through the nose or mouthBLOW
62.6%
An indistinct shapeless formBLOB
62.6%
To mix or blendMELL
62.6%
Member of the quartet with weather magicTRIS
61.9%
CircleLOOP
59.7%
A genus of frogRANA
58.3%
SlimeGOOP
56.8%
Bawl like a babyBLUB
56.1%
Another word for [Rung 92]GLOP
52.5%
____ of the Grain, goddess of the Living CircleMILA
50.4%

You're not logged in!

Compare scores with friends on all Sporcle quizzes.
OR
Log In

You Might Also Like...

Show Comments

Extras

Top Quizzes Today


Score Distribution

Your Account Isn't Verified!

In order to create a playlist on Sporcle, you need to verify the email address you used during registration. Go to your Sporcle Settings to finish the process.

Report this User

Report this user for behavior that violates our Community Guidelines.

Details: